| 000 | 00501nam a2200157 i 4500 | ||
|---|---|---|---|
| 001 | 51098 | ||
| 003 | ES-MaACL | ||
| 007 | t| | ||
| 008 | 030808s1981 sp ||||1| spa d | ||
| 100 | 1 |
_aChao Espina, Enrique. _937996 |
|
| 245 | 1 | 0 |
_aLeyendas de Galicia y otros temas narrativos / _cpor Enrique Chao Espina. |
| 260 |
_a[S.l. : _bs.n., _c1981] ( _eOrtigueira : _fImp. Fojo) |
||
| 300 |
_a154 p., 62 h. : _bil. ; _c22 cm. |
||
| 852 |
_aES-MaACL _jL-929 _bR.101445 |
||
| 852 |
_aES-MaACL _jL-683 _bR.101446 |
||
| 999 |
_c51098 _d51098 |
||